000 00424cam a2200169 4500
001 D12719
008 090401t1953 xxu||||| |||| 00| 0 eng d
035 _a(Sirsi) u94239
041 _aeng
110 _aFederation of Malaya and Singapore
_9746
245 _aSurvey regulations Volume 1
260 _aSingapore
_bMalaya Publishing House
_c1953
350 _a0
520 _aShelf 179
942 _n0
948 _c04/03/1997
999 _c97952
_d97952